Countries That Have Won the Tour de France - Statistics

General Stats
  • This quiz has been taken 2,200 times
    1,988 since last reset
  • The average score is 13 of 15
Answer Stats
# Country % Correct
36 France
100%
12 Spain
98%
10 Italy
97%
6 United Kingdom
97%
3 United States
97%
18 Belgium
96%
2 Netherlands
93%
1 Germany
92%
3 Denmark
86%
2 Switzerland
83%
1 Ireland
78%
1 Australia
74%
5 Luxembourg
72%
4 Slovenia
72%
1 Colombia
55%
No matching quizzes found
Score Distribution
Percent of People with Each Score
Percentile by Number Answered
Your Score History
You have not taken this quiz since the last reset